[Event "AUTO-MASTER-1648"]
[Site "http://www.queenalice.com/game.php?id=1057959"]
[Date "2012.5.9"]
[Round "1"]
[White "nemeth"]
[Black "gaspard"]
[Result "0-1"]
[WhiteElo "2115"]
[BlackElo "2149"]

1. e4 Nc6 2. Nc3 Nf6 3. f4 d5 4. e5 d4 5. exf6 dxc3 6. fxg7 cxd2+ 7. Bxd2 Bxg7
8. c3 Be6 9. Nf3 Qd6 10. Qc2 O-O-O 11. Ng5 Qd5 12. Be2 Bf5 13. Qc1 e5 14. c4 Qd7
15. Bc3 Nd4 16. Bxd4 exd4 17. O-O d3 18. Bf3 h6 19. Ne4 Bxe4 20. Bxe4 Qd4+ 0-1

[Event "AUTO-MASTER-1648"]
[Site "http://www.queenalice.com/game.php?id=1057960"]
[Date "2012.5.9"]
[Round "1"]
[White "gaspard"]
[Black "jotu"]
[Result "1-0"]
[WhiteElo "2242"]
[BlackElo "2285"]

1. e4 c5 2. Nf3 d6 3. d4 cxd4 4. Nxd4 Nf6 5. Nc3 a6 6. Bg5 Nbd7 7. Bc4 Qb6 8.
Qd2 Qxb2 9. Rb1 Qa3 10. O-O e6 11. Kh1 Ne5 12. Bb3 Qa5 13. Bxf6 gxf6 14. f4 Nd7
15. f5 Nc5 16. fxe6 Bxe6 17. Qf4 Qxc3 18. Qxf6 Nxb3 19. Rxb3 Bxb3 20. axb3 Kd7
21. Qxh8 Re8 22. Qf6 Re7 23. Rd1 h6 24. h3 Qa5 25. Nf5 Rxe4 26. Qxf7+ Be7 27.
Rxd6+ Kc7 28. Rd5 Qa1+ 29. Kh2 Qf6 30. Qxf6 Bxf6 31. Nxh6 Be5+ 32. Kg1 Kc6 33.
Rd3 b5 34. Nf7 Bd4+ 35. Kf1 a5 36. Ng5 Rf4+ 37. Rf3 Rxf3+ 38. Nxf3 Bg7 39. Nd2
a4 40. bxa4 bxa4 41. Nb1 Bb2 42. Ke2 a3 43. Nxa3 Bxa3 44. Kf3 Kd5 45. Kf4 Ke6
46. Kg5 Kf7 47. Kf5 1-0

[Event "AUTO-MASTER-1648"]
[Site "http://www.queenalice.com/game.php?id=1057961"]
[Date "2012.5.9"]
[Round "1"]
[White "jotu"]
[Black "gaspard"]
[Result "0-1"]
[WhiteElo "2272"]
[BlackElo "2264"]

1. e4 c6 2. d4 d5 3. f3 Qb6 4. a4 a5 5. exd5 cxd5 6. Nc3 Nf6 7. Nb5 g6 8. Bf4
Na6 9. Bd3 Bg7 10. c3 O-O 11. Qd2 Re8 12. Ne2 Bd7 13. Be3 Nc7 14. Nxc7 Qxc7 15.
O-O Bc6 16. Kh1 Nd7 17. f4 e6 18. Ng1 Nf6 19. Nf3 Ne4 20. Qc2 f6 21. Kg1 Bh6 22.
g3 Bg7 23. Rae1 Nd6 24. b3 Rab8 25. Bc1 b5 26. axb5 Bxb5 27. Re3 Bxd3 28. Rxd3
Rec8 29. Re1 Ne4 30. Ba3 f5 31. Kg2 Rb7 32. Nd2 Nxc3 33. Rxe6 Ne4 34. Qxc7 Rbxc7
35. Kf1 Rc2 36. Ke1 Ra2 37. Bc5 Nxc5 38. dxc5 Rxc5 39. Rd6 d4 40. Rd8+ Kf7 41.
Ra8 Rc1+ 42. Ke2 Bf6 43. b4 Rh1 44. Rxa5 Rxh2+ 45. Kd1 Rb2 46. b5 Rh1+ 47. Ke2
Kg7 48. Ra7+ Kh6 49. Rf7 Rh2+ 50. Kd1 Bd8 51. Rxd4 Ba5 52. Rfd7 Rxb5 53. Kc2
Bxd2 54. Rxd2 Rxd2+ 55. Kxd2 Rb3 56. g4 fxg4 57. Ke2 g3 58. Kf1 Rf3+ 0-1

[Event "AUTO-OPEN-2695"]
[Site "http://www.queenalice.com/game.php?id=1063803"]
[Date "2012.5.25"]
[Round "1"]
[White "pomar"]
[Black "gaspard"]
[Result "0-1"]
[WhiteElo "2038"]
[BlackElo "2170"]

1. f3 e5 2. Kf2 d5 3. e3 Nf6 4. d4 Nc6 5. Bb5 Bd6 6. Ne2 e4 7. c4 dxc4 8. Bxc6+
bxc6 9. Qa4 O-O 10. Qxc6 Rb8 11. Qxc4 exf3 12. gxf3 Ne4+ 13. fxe4 Qh4+ 14. Kg1
Bh3 15. Nf4 Qe1+ 0-1

[Event "AUTO-OPEN-2695"]
[Site "http://www.queenalice.com/game.php?id=1063804"]
[Date "2012.5.25"]
[Round "1"]
[White "gaspard"]
[Black "pomar"]
[Result "1-0"]
[WhiteElo "2178"]
[BlackElo "2046"]

1. e4 e6 2. Nf3 c5 3. d4 cxd4 4. Nxd4 Qb6 5. c3 Bc5 6. Na3 Bxa3 7. bxa3 Nc6 8.
Nb5 Nf6 9. e5 Nxe5 10. Qd4 Qxd4 11. cxd4 Nc6 12. Nc7+ Kd8 13. Nxa8 Nxd4 14. Bd3
e5 15. f4 e4 16. Bb2 Nc6 17. Bb5 b6 18. Bxf6+ gxf6 19. Bxc6 dxc6 20. O-O-O+ Bd7
21. Rd4 Kc8 22. Rxe4 Be6 23. f5 Bxf5 24. Re7 Be6 25. Rd1 Bd5 26. Nc7 Kd8 27.
Nxd5 cxd5 28. Rxa7 1-0

[Event "AUTO-OPEN-2695"]
[Site "http://www.queenalice.com/game.php?id=1063819"]
[Date "2012.5.25"]
[Round "1"]
[White "jtomasia"]
[Black "gaspard"]
[Result "0-1"]
[WhiteElo "2183"]
[BlackElo "2211"]

1. e4 c5 2. Nf3 d6 3. Nc3 Nf6 4. d4 cxd4 5. Nxd4 a6 6. Bg5 e6 7. Bc4 Be7 8. O-O
b5 9. Bb3 O-O 10. Qd3 Qc7 11. a3 Nbd7 12. Qg3 Ne5 13. Rad1 Nh5 14. Qe3 Bxg5 15.
Qxg5 Nf6 16. Qg3 Bb7 17. Rfe1 Rad8 18. Qh3 h6 19. Qe3 Rfe8 20. h3 Ned7 21. f3
Nc5 22. Ba2 e5 23. Nf5 Bc8 24. b4 Ne6 25. g3 Nf8 26. Bb3 Ng6 27. a4 Bxf5 28.
exf5 Ne7 29. g4 Nc6 30. axb5 axb5 31. Nxb5 Qb8 32. Qd3 d5 33. c3 e4 34. fxe4
dxe4 35. Qf1 Ne5 36. Nd4 Rxd4 37. Rxd4 Nf3+ 38. Kf2 Qf4 39. Ke2 Rc8 40. Qf2 Rxc3
0-1

[Event "AUTO-OPEN-2695"]
[Site "http://www.queenalice.com/game.php?id=1063820"]
[Date "2012.5.25"]
[Round "1"]
[White "gaspard"]
[Black "jtomasia"]
[Result "1-0"]
[WhiteElo "2270"]
[BlackElo "2269"]

1. e4 e5 2. Bc4 Nf6 3. d4 exd4 4. Nf3 Nc6 5. Ng5 d5 6. exd5 Nxd5 7. O-O Be7 8.
Nxf7 Kxf7 9. Qf3+ Bf6 10. Bxd5+ Be6 11. Bxe6+ Kxe6 12. Qb3+ Kd7 13. Qh3+ Ke8 14.
Re1+ Kf7 15. Qb3+ Kg6 16. Qg3+ Kf7 17. Qb3+ Kg6 18. Bf4 Re8 19. Qd3+ Kf7 20.
Rxe8 Qxe8 21. Nd2 Kg8 22. Bxc7 Qe6 23. a3 Re8 24. Nf3 Qd5 25. h3 g6 26. Re1
Rxe1+ 27. Nxe1 Kf7 28. Qd2 Ne5 29. Bxe5 Bxe5 30. Nf3 Qd6 31. Qa5 Bf6 32. Qxa7
Qd5 33. Ne1 Qb5 34. Nd3 Be7 35. Qxd4 Bf6 36. Qe4 Kg7 37. a4 Qb6 38. b4 Qc7 39.
Nc5 Qc6 40. Qxc6 bxc6 41. a5 Bc3 42. a6 Bxb4 43. a7 Bxc5 44. a8=Q Be7 45. Qxc6
Kf7 46. c4 Kf8 47. c5 g5 48. Qd5 Bxc5 49. Qxc5+ Kf7 50. Qd6 h6 51. f4 gxf4 52.
Qxh6 1-0

[Event "Challenge"]
[Site "http://www.queenalice.com/game.php?id=1069852"]
[Date "2012.6.8"]
[Round "-"]
[White "lfcanales"]
[Black "gaspard"]
[Result "0-1"]
[WhiteElo "1998"]
[BlackElo "2222"]

1. e4 Nc6 2. d4 d5 3. e5 f6 4. f4 Nh6 5. Bb5 Bg4 6. Qd3 Qd7 7. Bd2 a6 8. Ba4 b5
9. Bb3 Bf5 10. Qg3 Nxd4 11. Ba5 Bxc2 12. exf6 Qe6+ 13. Kd2 Nhf5 14. fxg7 Nxg3
15. gxh8=Q Nf1+ 16. Kc3 Qe3+ 17. Kb4 Nc6+ 18. Ka3 Qc5+ 19. Bb4 Qxb4# 0-1

[Event "Challenge"]
[Site "http://www.queenalice.com/game.php?id=1069853"]
[Date "2012.6.8"]
[Round "-"]
[White "gaspard"]
[Black "lfcanales"]
[Result "1-0"]
[WhiteElo "2201"]
[BlackElo "1993"]

1. e4 e5 2. Bc4 Nf6 3. d4 Nxe4 4. dxe5 Bc5 5. Qd5 Bxf2+ 6. Kf1 O-O 7. Nf3 c6 8.
Qxe4 Bb6 9. Ng5 g6 10. Qh4 h5 11. Qf4 Qe7 12. Ne4 Bd8 13. Nf6+ Kh8 14. Qh6# 1-0

[Event "Let's Play Chess!"]
[Site "http://www.queenalice.com/game.php?id=1079334"]
[Date "2012.7.5"]
[Round "-"]
[White "gaspard"]
[Black "rotwein"]
[Result "1-0"]
[WhiteElo "2227"]
[BlackElo "2143"]

1. e4 c5 2. Nf3 e6 3. d4 cxd4 4. Nxd4 a6 5. Nc3 Qc7 6. Qf3 Nc6 7. Nxc6 dxc6 8.
Be3 Nf6 9. O-O-O e5 10. Qg3 Be6 11. Be2 g6 12. f4 Bb4 13. f5 gxf5 14. Qg7 1-0

[Event "Let's Play Chess!"]
[Site "http://www.queenalice.com/game.php?id=1079335"]
[Date "2012.7.5"]
[Round "-"]
[White "rotwein"]
[Black "gaspard"]
[Result "0-1"]
[WhiteElo "2152"]
[BlackElo "2236"]

1. d4 Nf6 2. c4 Nc6 3. Nc3 e5 4. d5 Ne7 5. e4 Ng6 6. Bd3 Bc5 7. Nf3 O-O 8. O-O
d6 9. h3 Nh5 10. Ne2 Nh4 11. Nxh4 Qxh4 12. Be3 Bxe3 13. fxe3 Bd7 14. Qe1 Qg5 15.
Rf3 f5 16. exf5 Bxf5 17. Bxf5 Rxf5 18. Rxf5 Qxf5 19. Ng3 Nxg3 20. Qxg3 Rf8 21.
b3 Qd3 22. Re1 Qc2 23. Rf1 Rxf1+ 24. Kxf1 Qb1+ 25. Kf2 Qxa2+ 0-1

[Event "Let's Play Chess!"]
[Site "http://www.queenalice.com/game.php?id=1081674"]
[Date "2012.7.11"]
[Round "-"]
[White "rotwein"]
[Black "gaspard"]
[Result "1/2-1/2"]
[WhiteElo "2152"]
[BlackElo "2245"]

1. d4 Nf6 2. c4 Nc6 3. Nf3 e6 4. e3 Bb4+ 5. Bd2 Bxd2+ 6. Qxd2 O-O 7. Bd3 d6 8.
Nc3 e5 9. O-O Re8 10. dxe5 Nxe5 11. Nxe5 dxe5 12. Qc2 Be6 13. Rad1 Qe7 14. b3 c6
15. Bf5 Bxf5 16. Qxf5 Rad8 17. Ne4 Nxe4 18. Qxe4 f6 19. Qc2 e4 20. Rxd8 Rxd8 21.
Rd1 Kf7 22. Rxd8 Qxd8 23. h3 f5 24. Kf1 Kg6 25. Ke1 c5 1/2-1/2

[Event "Let's Play Chess!"]
[Site "http://www.queenalice.com/game.php?id=1081675"]
[Date "2012.7.11"]
[Round "-"]
[White "rotwein"]
[Black "gaspard"]
[Result "0-1"]
[WhiteElo "2169"]
[BlackElo "2255"]

1. e4 c5 2. Nc3 Nc6 3. Bb5 g6 4. Bxc6 bxc6 5. d3 Bg7 6. Nf3 d6 7. O-O Nh6 8. Bg5
Ng4 9. h3 Ne5 10. Nxe5 Bxe5 11. Bh6 Rb8 12. Rb1 Qa5 13. Qd2 Rxb2 14. Rxb2 Bxc3
15. Qc1 Bxb2 16. Qxb2 f6 17. f4 c4 18. e5 Kf7 19. exf6 exf6 20. dxc4 Re8 21. Qd4
Qb6 22. Qxb6 axb6 23. Rb1 Re4 24. Rxb6 Rxc4 25. Rb8 Bf5 26. Rb7+ Ke6 27. Rxh7
Be4 28. Bf8 Rxc2 29. Re7+ Kf5 30. g4+ Kxf4 0-1

[Event "AUTO-MASTER-1648"]
[Site "http://www.queenalice.com/game.php?id=1119911"]
[Date "2012.11.7"]
[Round "2"]
[White "gaspard"]
[Black "luciopac"]
[Result "1-0"]
[WhiteElo "2290"]
[BlackElo "2120"]

1. e4 e5 2. Bc4 Nc6 3. Nf3 Be7 4. d3 Nf6 5. Nc3 O-O 6. O-O d6 7. h3 Na5 8. Bb3
Nxb3 9. axb3 c6 10. Bg5 h6 11. Bh4 Nh5 12. Bxe7 Qxe7 13. d4 Nf4 14. Ne2 Nxh3+
15. gxh3 Bxh3 16. Re1 f5 17. exf5 Rxf5 18. Ng3 Rf7 19. Qd3 Raf8 20. Re3 Qf6 21.
dxe5 dxe5 22. Rxa7 Bg4 23. Ne4 Qf4 24. Ne1 Bf5 25. Qe2 Bxe4 26. Rxe4 Qc1 27.
Rxe5 Rxf2 28. Qxf2 Rxf2 29. Kxf2 Qd2+ 30. Kg3 g5 31. Nf3 Qf4+ 32. Kg2 g4 33.
Re8+ Kf7 34. Ne5+ 1-0

[Event "AUTO-MASTER-1648"]
[Site "http://www.queenalice.com/game.php?id=1119912"]
[Date "2012.11.7"]
[Round "2"]
[White "luciopac"]
[Black "gaspard"]
[Result "0-1"]
[WhiteElo "2135"]
[BlackElo "2282"]

1. e4 c6 2. d4 d5 3. exd5 cxd5 4. c4 Nf6 5. Nc3 Nc6 6. c5 e5 7. Be3 exd4 8. Bxd4
Nxd4 9. Qxd4 Qe7+ 10. Be2 Qxc5 11. Bb5+ Bd7 12. Bxd7+ Kxd7 13. O-O-O Qxd4 14.
Rxd4 Bc5 15. Rd2 Rhe8 16. Nf3 Rac8 17. Rhd1 Bb4 18. Kc2 Bxc3 19. bxc3 Rc4 20.
Kb3 b5 21. Rd4 Kc6 22. Nd2 Rxd4 23. cxd4 Re2 24. Rc1+ Kb6 25. Rc2 Rxf2 26. a4
bxa4+ 27. Kxa4 Ne4 0-1

[Event "Challenge"]
[Site "http://www.queenalice.com/game.php?id=1133245"]
[Date "2012.12.21"]
[Round "-"]
[White "gaspard"]
[Black "tucot"]
[Result "0-1"]
[WhiteElo "2297"]
[BlackElo "2314"]

1. e4 e5 2. Bc4 Nf6 3. d4 Nc6 4. d5 Ne7 5. f4 d6 6. Nc3 exf4 7. Nge2 Bg4 8. Bxf4
Ng6 9. Bb5+ Nd7 10. Qd4 Be7 0-1

[Event "Challenge"]
[Site "http://www.queenalice.com/game.php?id=1133246"]
[Date "2012.12.21"]
[Round "-"]
[White "tucot"]
[Black "gaspard"]
[Result "1-0"]
[WhiteElo "2325"]
[BlackElo "2286"]

1. c4 Nc6 2. Nc3 e5 3. g3 Nf6 4. Bg2 Bc5 5. a3 a6 6. b4 Ba7 7. e3 O-O 8. Nge2 d6
9. Qc2 Ne7 10. d3 h5 11. h3 1-0